| 000 | 03092cam a2200349Mu 4500 | ||
|---|---|---|---|
| 003 | URS | ||
| 005 | 20221125082326.0 | ||
| 008 | 220820s2021 ag o ||| 0 spa d | ||
| 040 |
_aEBLCP _beng _cEBLCP _dJSTOR _dEBLCP _dOCLCF _cURS |
||
| 020 | _a9789877229332 | ||
| 020 | _a9877229331 | ||
| 050 | 4 |
_aJA76 _b.G669 2021 |
|
| 100 | 1 | _aGonzález, Horacio. | |
| 245 | 1 | 0 |
_aLa palabra encarnada _h[electronic resource]. |
| 260 |
_aBuenos Aires : _bCLACSO, _c2021. |
||
| 300 | _a1 online resource (770 p.) | ||
| 500 | _aDescription based upon print version of record. | ||
| 505 | 0 | _aLA PALABRA ENCARNADA: ENSAYO, POLÍTICA Y NACIÓN -- PÁGINA LEGAL -- ÍNDICE -- OFICIO Y PERSEVERANCIA: EL ENSAYO COMO MÉTODO -- CUESTIONES DE MÉTODO -- ELOGIO DEL ENSAYO* -- PARA UNA SOCIOLOGÍA DE LA VOZ* -- FILOGENIA ARGENTINA: OFICIOS DE UNA POLÍTICA NUEVA* -- POBREZA Y MISERIA, LA ESTRUCTURA MORAL DE LOS CONCEPTOS* -- EL ARCHIVO COMO TEORÍA DE LA CULTURA* -- CONTRA EL IMPERIO DEL ETHOS BUROCRÁTICO* -- EL BAQUEANO -- FOTOCOPIAS ANILLADAS* -- JOSÉ MARÍA RAMOS MEJÍA: INQUISICIÓN, LOCURA Y GENIO* -- LOS PUEBLOS BÁRBAROS* -- MISTICISMO Y FOLLETÍN. EL CASO DE LA RAZÓN DE MI VIDA* | |
| 505 | 8 | _aJUAN JOSÉ HERNÁNDEZ ARREGUI. EL INTELECTUAL A CONTRAPELO* -- Y LA NAVE VA* -- EL VIEJO TOPO -- LA MITAD DE UN ECHARPE O UN CANTO INCONCLUSO* -- HERENCIAS Y ESPECTROS* -- WALTER BENJAMIN. REVOLUCIÓN TÉCNICA Y EXPERIENCIA SAGRADA* -- LEÓN TROTSKY O EL ÉXTASIS REVOLUCIONARIO* -- JOSÉ CARLOS MARIÁTEGUI. MARXISMO Y MODERNIDAD* -- REFLEJOS DE UNA VIDA -- ENVIDO, UN FRENTE INTELECTUAL EN EL LODO DEL LENGUAJE POLÍTICO* -- PASADO Y PRESENTE: LA TRAGEDIA DE LOS GRAMSCIANOS ARGENTINOS* -- UN GRITO EN EL PATIO ANDALUZ* -- ROBERTO CARRI: BANDOLERISMO Y ENSAYO SOCIAL* -- SILUETA DE OSCAR LANDI* | |
| 505 | 8 | _aLA CARTA DE DEL BARCO* -- LA EXPRESIÓN AMERICANA -- MEDITACIONES BRASILEÑAS* -- JERGAS, LENGUAS, IDIOMAS* -- DAVID VIÑAS, LA ESCUDERÍA DEL LENGUAJE* -- LITERATURA CANÍBAL Y FILOSOFÍA DEL RECHAZO* -- LA LARGA RISA DE LAS COSAS -- LA PICARESCA EN LAS CIENCIAS SOCIALES* -- PARA UN NIRVANA DE LOS OBJETOS* -- NIETZSCHE: TRAGEDIA Y ALEGORÍA DE LA METAMORFOSIS* -- EL PERFRINGO* -- SOLANAS Y EL BERGANTÍN DE LA MODERNIDAD* -- CONCEPTOS PARA LA POLÍTICA -- FASCISMO, ACONTECIMIENTO, TEMPORALIDAD* -- EL FASCISMO COMO CONSIGNA* -- HANNAH ARENDT CASI ARGENTINA* -- HUMANISMO Y TERROR* -- SOBRE EL AUTOR | |
| 500 | _aSOBRE LOS COMPILADORES | ||
| 590 |
_aJSTOR _bBooks at JSTOR Open Access |
||
| 650 | 0 |
_aEssay. _0http://id.loc.gov/authorities/subjects/sh85044913 |
|
| 650 | 0 |
_aPolitical science. _0http://id.loc.gov/authorities/subjects/sh85104440 |
|
| 650 | 7 |
_aPOLITICAL SCIENCE / World / Caribbean & Latin American _2bisacsh |
|
| 650 | 7 |
_aEssay. _2fast _0(OCoLC)fst01198491 |
|
| 650 | 7 |
_aPolitical science. _2fast _0(OCoLC)fst01069781 |
|
| 776 | 0 | 8 |
_iPrint version: _aGonzález, Horacio _tLa palabra encarnada: ensayo, política y nación _dBuenos Aires : CLACSO,c2021 |
| 856 | 4 | 0 | _uhttps://www.jstor.org/stable/10.2307/j.ctv2v88cgv |
| 942 |
_2lcc _cE-BOOK |
||
| 994 |
_a92 _bPHURS |
||
| 999 |
_c59954 _d59954 |
||